000 00489nam a2200169Ia 4500
999 _c9006
_d9006
003 OSt
005 20201009125402.0
008 190216s9999||||xx |||||||||||||| ||und||
040 _coclc
082 _a005.268
_bSAT/V
100 _aSathyanath, Lathika
_95548
245 0 _aVisual Basic Handbook /
_cLathika Sathyanath
260 _bInfro Front Publications,
_aKozhikode:
300 _a111p
650 _aComputer
942 _cBK
_2ddc
_h005.268
_iSAT/V
_k005.268
_mSAT/V